[Event "Tata Steel Challengers"]
[Site "Wijk aan Zee"]
[Date "2016.01.16"]
[Round "1.6"]
[White "Safarli, Eltaj"]
[Black "Sevian, Samuel"]
[Result "1-0"]
[BlackElo "2578"]
[WhiteElo "2653"]
[LiveChessVersion "1.4.8-SNAPSHOT"]

1. c4 {[%clk 1:40:48]} Nf6 {[%clk 1:40:09]} 2. g3 {[%clk 1:40:55]} g6
{[%clk 1:34:03]} 3. Bg2 {[%clk 1:40:55]} Bg7 {[%clk 1:33:13]} 4. Nc3
{[%clk 1:40:30]} c5 {[%clk 1:32:42]} 5. e3 {[%clk 1:40:26]} O-O {[%clk 1:31:48]}
6. Nge2 {[%clk 1:40:27]} Nc6 {[%clk 1:28:50]} 7. O-O {[%clk 1:36:34]} d6
{[%clk 1:23:10]} 8. d4 {[%clk 1:36:25]} Bd7 {[%clk 1:18:08]} 9. b3
{[%clk 1:30:12]} Rb8 {[%clk 1:16:23]} 10. Bb2 {[%clk 1:25:02]} a6
{[%clk 1:14:32]} 11. Qd2 {[%clk 1:12:27]} cxd4 {[%clk 1:01:40]} 12. exd4
{[%clk 1:10:43]} b5 {[%clk 1:00:27]} 13. cxb5 {[%clk 1:00:18]} axb5
{[%clk 1:00:46]} 14. d5 {[%clk 1:00:41]} Ne5 {[%clk 0:48:12]} 15. Nd4
{[%clk 0:44:02]} Qb6 {[%clk 0:46:37]} 16. Kh1 {[%clk 0:43:00]} b4
{[%clk 0:31:43]} 17. Nce2 {[%clk 0:39:12]} Qa6 {[%clk 0:31:27]} 18. Rad1
{[%clk 0:33:07]} Bb5 {[%clk 0:26:57]} 19. Nxb5 {[%clk 0:32:54]} Rxb5
{[%clk 0:26:52]} 20. Nd4 {[%clk 0:29:41]} Rxd5 {[%clk 0:26:39]} 21. Bxd5
{[%clk 0:12:45]} Nxd5 {[%clk 0:27:02]} 22. Nc6 {[%clk 0:09:03]} e6
{[%clk 0:05:18]} 23. Nxe5 {[%clk 0:06:47]} dxe5 {[%clk 0:05:12]} 24. Ra1
{[%clk 0:05:21]} h5 {[%clk 0:04:04]} 25. Rfe1 {[%clk 0:04:43]} Qd6
{[%clk 0:01:55]} 26. Qe2 {[%clk 0:04:22]} Qc6 {[%clk 0:00:59]} 27. Kg1
{[%clk 0:04:10]} Nc3 {[%clk 0:01:26]} 28. Bxc3 {[%clk 0:02:25]} bxc3
{[%clk 0:01:53]} 29. Rac1 {[%clk 0:02:26]} f5 {[%clk 0:02:09]} 30. Qe3
{[%clk 0:01:16]} e4 {[%clk 0:02:21]} 31. Red1 {[%clk 0:01:37]} Ra8
{[%clk 0:02:20]} 32. Rc2 {[%clk 0:01:55]} Ra5 {[%clk 0:02:32]} 33. Rd4
{[%clk 0:00:38]} Rd5 {[%clk 0:00:42]} 34. Rc4 {[%clk 0:00:41]} Rd1+
{[%clk 0:00:41]} 35. Kg2 {[%clk 0:01:10]} Qd5 {[%clk 0:00:56]} 36. R4xc3
{[%clk 0:00:51]} Bxc3 {[%clk 0:00:53]} 37. Rxc3 {[%clk 0:01:14]} Qe5
{[%clk 0:00:38]} 38. Rc8+ {[%clk 0:00:51]} Kh7 {[%clk 0:00:57]} 39. Qa7+
{[%clk 0:01:05]} Kh6 {[%clk 0:01:24]} 40. Qe3+ {[%clk 0:50:34]} g5
{[%clk 0:51:02]} 41. h4 {[%clk 0:46:34]} f4 {[%clk 0:45:43]} 42. hxg5+
{[%clk 0:45:17]} Qxg5 {[%clk 0:42:50]} 43. Rh8+ {[%clk 0:36:27]} Kg6
{[%clk 0:42:12]} 44. Qxe4+ {[%clk 0:35:37]} Qf5 {[%clk 0:42:32]} 45. Qxf5+
{[%clk 0:35:02]} exf5 {[%clk 0:42:04]} 46. gxf4 {[%clk 0:35:22]} Rb1
{[%clk 0:41:52]} 47. Rg8+ {[%clk 0:33:01]} Kf6 {[%clk 0:42:06]} 48. Rb8
{[%clk 0:31:45]} Ke6 {[%clk 0:40:51]} 49. Rb5 {[%clk 0:31:30]} h4
{[%clk 0:40:58]} 50. a4 {[%clk 0:31:44]} Kd6 {[%clk 0:40:48]} 51. a5
{[%clk 0:29:26]} Kc6 {[%clk 0:41:13]} 52. Rb4 {[%clk 0:26:56]} Kc5
{[%clk 0:41:34]} 53. Ra4 {[%clk 0:26:29]} h3+ {[%clk 0:41:54]} 54. Kh2
{[%clk 0:25:36]} Rxb3 {[%clk 0:42:05]} 55. a6 {[%clk 0:26:02]} 1-0